[Event "Obersteyr-ch"]
[Site "Muerzhofen"]
[Date "2012.01.05"]
[Round "2"]
[White "Pieber, Richard"]
[Black "Enk, Hans Peter"]
[Result "0-1"]
[WhiteElo "1559"]
[BlackElo "1804"]
[PlyCount "82"]
[EventDate "2012.01.04"]
[EventType "swiss"]
[EventRounds "7"]
[EventCountry "AUT"]
[SourceTitle "EXT 2014"]
[Source "ChessBase"]
[SourceDate "2013.11.20"]
[SourceVersion "1"]
[SourceVersionDate "2013.11.20"]
[SourceQuality "1"]

1. d4 d5 2. Nf3 Nf6 3. Bf4 g6 4. e3 Bg7 5. c4 0-0 6. Nc3 c6 7. cxd5 Nxd5 8. Bg3 Nd7 9. Be2 N7f6 10. 0-0 Nxc3 11. bxc3 Ne4 12. Qb3 Nxg3 13. hxg3 Qc7 14. Nd2 Be6 15. Bc4 Bxc4 16. Qxc4 b5 17. Qb3 a5 18. a4 Rfb8 19. Rfb1 b4 20. Nc4 c5 21. Qc2 cxd4 22. cxd4 Rc8 23. Rc1 Ra6 24. Na3 Qxc2 25. Rxc2 Rxc2 26. Nxc2 Rc6 27. Ne1 Rc3 28. Kf1 e5 29. d5 e4 30. Rd1 Kf8 31. Ke2 Ke7 32. f3 Bh6 33. f4 Kd6 34. g4 Bg7 35. g5 h6 36. gxh6 Bxh6 37. g4 g5 38. f5 Bg7 39. Rd2 b3 40. Ng2 Rc4 41. Kd1 b2 0-1